La colonialidad de la naturaleza: una aproximación a la ecología política latinoamericana /

Furkejuvvon:
Bibliográfalaš dieđut
Váldodahkki: Alimonda, Héctor
Materiálatiipa: Texto
Fáddágilkorat: Lasit fáddágilkoriid
Eai fáddágilkorat, Lasit vuosttaš fáddágilkora!

MARC

LEADER 00000 a a2200000 04500
001 44754
003
040
100 |a Alimonda, Héctor  
245 |a La colonialidad de la naturaleza:   |b una aproximación a la ecología política latinoamericana /  |c Héctor Alimonda  
773 |g páginas 21-58  
999 |c 38279  |d 38279